000 00677nam a2200229Ia 4500
003 OSt
005 20220925210902.0
006 a|||||r|||| 00| 0
007 ta
008 220923b |||||||| |||| 00| 0 eng d
037 _cGeneral Book
040 _aRTL
_cRTL
_beng
041 _2eng
_aeng
082 _aX:89K33.237.N7, L7
100 _aAhuja Kanta Ed.
_9273377
245 0 _aDistrict Planning in Rajasthan
260 _aJaipur
_bInstitute of pub. Administration India
_c1977
300 _a199p. Appendix p 188-99
_ccm.
650 _aRegional Economics
942 _hX:89K33.237.N7, L7
_cGB
_2CC
999 _c556166
_d556166